Axiomatic projective geometry
সংরক্ষণ করুন:
| প্রধান লেখক: | , |
|---|---|
| বিন্যাস: | গ্রন্থ |
| ভাষা: | ইংরেজি |
| প্রকাশিত: |
Londres
Leicester University Press
1962
|
| সংস্করন: | 2a. ed |
| বিষয়গুলি: | |
| ট্যাগগুলো: |
ট্যাগ যুক্ত করুন
কোনো ট্যাগ নেই, প্রথমজন হিসাবে ট্যাগ করুন!
|
MARC
| LEADER | 00000nam a2200000 a 4500 | ||
|---|---|---|---|
| 001 | UCP1057 | ||
| 003 | CL-VaPUC | ||
| 008 | 990326e19620000UK |||||||||||||||||eng|d | ||
| 082 | 0 | 4 | |a 516.5 |b GOO |2 21 |
| 100 | |a Goodstein, Reuben Louis |e author |9 564206 | ||
| 700 | 0 | |a Primrose, E. J |e author |9 426810 | |
| 245 | 1 | 0 | |a Axiomatic projective geometry |
| 250 | |a 2a. ed | ||
| 300 | |a 140 p | ||
| 942 | |c BK | ||
| 945 | |d 19990326 00:00:00 |a crobeson | ||
| 260 | |a Londres |b Leicester University Press |c 1962 | ||
| 650 | 0 | |a Geometría proyectiva |9 262638 | |
| 650 | 0 | |a Geometría axiomática |9 423958 | |
| 650 | 7 | |a CONSTRUCCION ARMONICA |2 CL-VaPUC |9 426811 | |
| 650 | 7 | |a CONICAS |2 CL-VaPUC |9 426812 | |
| 650 | 7 | |a INVOLUCIONES |2 CL-VaPUC |9 426813 | |
| 583 | |a last modification |c 20120820 11:50:11 |k Rodrigo Vera | ||
| 999 | |c 279775 |d 279773 | ||
| 952 | |0 0 |1 0 |4 0 |6 516_500000000000000_GOO_1962 |7 0 |8 A |9 319556 |a BIBMAT |b BIBMAT |d 2019-11-20 |i 1333860 |o 516.5 GOO 1962 |p 1333860 |r 2025-01-07 |w 2019-11-20 |y BK |k MAT | ||